| 000 | 00343nam a22001097a 4500 | ||
|---|---|---|---|
| 008 | 230703b xxu||||| |||| 00| 0 eng d | ||
| 082 |
_a342 16 _b IPU 1989 |
||
| 245 |
_aConstitutional and Partition Information _bAssociation of Secretaries General of Parliaments |
||
| 260 |
_bInter-Parliamentary Union _c1989 |
||
| 300 | _a308p | ||
| 942 |
_2ddc _cBK |
||
| 999 |
_c3336 _d3336 |
||